000 00712nab#a2200229#c#4500
999 _c87850
_d87850
003 IEF
005 20191210183339.0
008 950704s1975 uuu|| #####0 b| |u
040 _aIEF
_cES-MaIEF
100 1 _aPearce, David William
_934585
245 _aLos límites del análisis coste - beneficio como guía para la política del medio ambiente
_c David W. Pearce
260 _c1975
500 _aConclusiones,Bibliografía
650 4 _aECOLOGIA
_942911
650 4 _aMEDIO AMBIENTE
_947492
650 4 _aANALISIS COSTE BENEFICIO
_950209
650 4 _aPOLITICA DEL MEDIO AMBIENTE
_948056
773 0 _tHacienda pública española
_w34570
_g37, p. 61-71
942 _2udc
942 _2udc